Graph Databases (Record no. 333854)

MARC details
000 -LEADER
fixed length control field 00455nam a2200169Ia 4500
008 - FIXED-LENGTH DATA ELEMENTS--GENERAL INFORMATION
fixed length control field 230718s9999 xx 000 0 und d
020 ## - INTERNATIONAL STANDARD BOOK NUMBER
International Standard Book Number 9789351102342
041 ## - LANGUAGE CODE
Language code of text/sound track or separate title eng
082 ## - DEWEY DECIMAL CLASSIFICATION NUMBER
Classification number 005.74
Item number ROB
100 ## - MAIN ENTRY--PERSONAL NAME
Personal name Robinson I.
9 (RLIN) 195066
245 ## - TITLE STATEMENT
Title Graph Databases
260 ## - PUBLICATION, DISTRIBUTION, ETC. (IMPRINT)
Date of publication, distribution, etc. 2013
Name of publisher, distributor, etc. O'Reilly/SPD
300 ## - PHYSICAL DESCRIPTION
Extent 208
365 ## - TRADE PRICE
Currency code Rs.
Price amount 400.00
700 ## - ADDED ENTRY--PERSONAL NAME
Personal name Robinson I.; Webber J. & Eifrem E.
9 (RLIN) 195067
906 ## - LOCAL DATA ELEMENT F, LDF (RLIN)
d O:18-Oct-2013B:403010-Sep-2013
c COMP
b 88
Holdings
Withdrawn status Lost status Damaged status Not for loan Home library Current library Date acquired Vendor Budget Code Cost, normal purchase price Bill number Total Checkouts Full call number Barcode Date last seen Discount Cost, replacement price Bill Date Koha item type Original Barcode
        Cummins College of Engineering for Women Pune Cummins College of Engineering for Women Pune 18/10/2013 Technical Book Services COMP 312.00 4030   005.74 CCEP-BK-45061 18/07/2023 88 400.00 10/09/2013 Books 045061